000 00734cam a2200241 4500
001 3127821
003 ARRUPE
005 20211102120140.0
008 720413s1972 caua 001 0 eng
010 _a 70165416
020 _a0716704455
040 _aDLC
_cDLC
_dDLC
050 0 0 _aQA251
_b.F53
082 0 0 _a512/.5
100 1 _aFinkbeiner, Daniel T.
_q(Daniel Talbot),
_d1919-
_950932
245 1 0 _aElements of linear algebra
_c[by] Daniel T. Finkbeiner II.
260 _aSan Francisco,
_bW. H. Freeman
_c[1972]
300 _axi, 268 p.
_billus.
_c24 cm.
490 0 _aA Series of books in mathematics
650 0 _aAlgebras, Linear.
_950933
906 _a7
_bcbc
_corignew
_d2
_encip
_f19
_gy-gencatlg
942 _2lcc
_cMONOGRAPH
999 _c131089
_d131089